Exposición 'El Maresme y sus artistas' : catálogo : pintura - escultura - cerámica - miniaturas - hierros artísticos - fotografía : del 10 al 24 de Mayo de 1959 catálogo :
Descripción Física:
[11] p. ; 22 cm
MARC
| LEADER | 00000nam a2200000Ia 4500 | ||
|---|---|---|---|
| 001 | 21488 | ||
| 008 | 160829s1959 xx 000 0 cat d | ||
| 080 | |a FU-40-44 | ||
| 245 | |a Exposición 'El Maresme y sus artistas' : |b catálogo : |b pintura - escultura - cerámica - miniaturas - hierros artísticos - fotografía : |b del 10 al 24 de Mayo de 1959 | ||
| 260 | |a Barcelona : |b Diputación Provincial de Barcelona ; Mataró : |b Tria, |c 1959 | ||
| 300 | |a [11] p. ; |c 22 cm | ||
| 590 | |a Prové de R-4, exp. 46. | ||
| 590 | |a L'exposició forma part dels actes organitzats amb motiu del Día de la Província | ||
| 650 | |a Dia de la província |9 40829 | ||
| 650 | |a Maremse |x Exposicions |x Catàlegs |9 47686 | ||
| 650 | |a Art |x Exposicions |x Catàlegs |9 47687 | ||
| 650 | |a Catàlegs d'exposicions |x Maresme |9 47688 | ||
| 710 | 1 | |a Barcelona (Catalunya : Província). |b Diputació |9 52408 | |
| 901 | |a Arxiu | ||
| 942 | |n 1 | ||
| 952 | |0 0 |1 0 |4 0 |6 FU4044 |7 1 |9 54037 |a Arxiu |b Arxiu |d 2016-12-01 |l 0 |o FU-40-44 |p 21488 |r 2016-12-01 00:00:00 |w 2016-12-01 |y ARXIU | ||
| 999 | |c 57905 |d 57905 | ||